| 000 | 01719cam a2200265 4500 | ||
|---|---|---|---|
| 001 | ABS68505 | ||
| 008 | 041216n2004 000 0 eng u | ||
| 035 | _a(Sirsi) u128343 | ||
| 100 | _aStollard, P. | ||
| 245 | _aReforming Scottish standards | ||
| 260 | _c2004 | ||
| 490 |
_aRICS Building Control _v (155) December 2004, 10-11(2) |
||
| 520 | _aExamination of the new Scottish Building Standards Agency, which was launched on 1 November 2004. It is a key component in the reformed system of building standards being introduced in Scotland and will carry out all the functions previously done by the Scottish Executive, as well as a series of new ones introduced by the Building (Scotland) Act 2003. The biggest change is described as the move away from prescriptive to expanded functional standards. Two new technical handbooks have been published, "The Scottish Building Standards technical handbook: domestic" (ISBN 0954629221) covers domestic building and "The Scottish Building Standards technical handbook: non-domestic" (ISBN 095462923X) covers non-domestic building. They are arranged in sections dealing with structure, fire, environment, safety, noise and energy, according to the construction products directive (Directive 89/106/EEC). Further information is available from www.sbsa.gov.uk. | ||
| 590 | _aABS | ||
| 590 | _aABS | ||
| 650 | _aSCOTTISH BUILDING STANDARDS | ||
| 650 | _aSCOTTISH BUILDING STANDARDS AGENCY | ||
| 650 |
_aBUILDING CONTROL _96222 |
||
| 650 | _aBUILDING STANDARDS | ||
| 650 | _aSCOTLAND | ||
| 650 | _aBUILDING (SCOTLAND) ACT 2003 | ||
| 650 | _aEUROPEAN CONSTRUCTION PRODUCTS DIRECTIVE | ||
| 690 | _aBUILDING AND CONSTRUCTION-REGULATION AND CONTROL | ||
| 942 | _n0 | ||
| 999 |
_c118461 _d118461 |
||